La citología real de los ganglios linfáticos (Record no. 107207)

MARC details
000 -LEADER
campo de control de longitud fija 00763nam a2200205 4500
001 - NÚMERO DE CONTROL
campo de control 107207
003 - IDENTIFICADOR DE NÚMERO DE CONTROL
campo de control ES-MaACL
005 - FECHA Y HORA DE LA ÚLTIMA TRANSACCIÓN
campo de control 20231227200023.0
007 - CAMPO FIJO DE DESCRIPCIÓN FÍSICA--INFORMACIÓN GENERAL
campo de control de longitud fija t|
008 - DATOS DE LONGITUD FIJA--INFORMACIÓN GENERAL
campo de control de longitud fija 061121s1958 sp r ||||1| spa d
100 1# - ENTRADA PRINCIPAL--NOMBRE DE PERSONA
Nombre de persona Morales Pleguezuelo, M.
9 (RLIN) 83068
245 13 - MENCIÓN DEL TÍTULO
Título La citología real de los ganglios linfáticos
Resto del título : estudio comparado /
Mención de responsabilidad, etc. por M. Morales Pleguezuelo ; prólogo del prof. Jiménez Díaz.
260 ## - PUBLICACIÓN, DISTRIBUCIÓN, ETC.
Lugar de publicación, distribución, etc. Madrid :
Nombre del editor, distribuidor, etc. Paz Montalvo,
Fecha de publicación, distribución, etc. 1958.
300 ## - DESCRIPCIÓN FÍSICA
Extensión 165 p., lám. col. I-IV :
Otras características físicas il ;
Dimensiones 24 cm.
500 ## - NOTA GENERAL
Nota general Precede al tit.: Instituto de Investigaciones Clínicas y Médicas.
505 8# - NOTA DE CONTENIDO CON FORMATO
Nota de contenido con formato Contiene: Monografía nº 4.
700 1# - ENTRADA AGREGADA--NOMBRE PERSONAL
Nombre de persona Jiménez Díaz, Carlos,
Fechas asociadas al nombre 1898-1967
9 (RLIN) 66515
852 ## - LOCALIZACIÓN
Ubicación ES-MaACL
Número de control de estantería C-14909
Sublocalización o colección R.42613
Holdings
Estatus retirado Estado de pérdida Estado de daño No para préstamo Biblioteca de origen Biblioteca actual Ubicación en estantería Fecha de adquisición Fuente de adquisición Total de préstamos Signatura topográfica completa Código de barras Visto por última vez Precio de reemplazo Tipo de ítem Koha
        Biblioteca del Ateneo de Madrid Biblioteca del Ateneo de Madrid Ficheros 17/01/2008     C-14909 1111895 23/02/2023 23/02/2023 Libro impreso